[Event "Hereford"]
[Site "?"]
[Date "1980.??.??"]
[Round "4"]
[White "Brameld, Arthur F"]
[Black "Townsend, M."]
[Result "0-1"]
[WhiteElo "2175"]
[BlackElo "2150"]
[PlyCount "108"]
[EventDate "1980.??.??"]
[EventType "simul"]
[EventRounds "4"]

1. e4 c5 2. Nf3 e6 3. d4 cxd4 4. Nxd4 Nf6 5. Nc3 Nc6 6. Be3 Bb4 7. Nxc6 bxc6 8. Bd3 d5 9. exd5 cxd5 10. Bd4 O-O 11. O-O Bd6 12. f4 Rb8 13. a3 Qe7 14. Kh1 Bd7 15. Qe1 Bc6 16. Qh4 Ne4 17. Qxe7 Bxe7 18. f5 Bc5 19. Be5 Nf2+ 20. Rxf2 Bxf2 21. Rf1 Bh4 22. Bxb8 Rxb8 23. fxe6 fxe6 24. b4 Bf6 25. b5 Bxc3 26. bxc6 Rb6 27. c7 Rc6 28. Rb1 Rxc7 29. Rb8+ Kf7 30. Bxh7 Bf6 31. g3 g6 32. Bg8+ Ke7 33. Bh7 Rxc2 34. Rb7+ Kd6 35. Rxa7 Rc1+ 36. Kg2 g5 37. Ra6+ Rc6 38. Rxc6+ Kxc6 39. Bd3 Kc5 40. a4 Bd8 41. Kf3 Kd4 42. Ke2 e5 43. Bb5 e4 44. Bc6 Ke5 45. Ke3 d4+ 46. Kd2 d3 47. Ke3 Bb6+ 48. Kd2 Bd8 49. Ke3 Bb6+ 50. Kd2 Kd4 51. Bxe4 Kxe4 52. h4 Ba5+ 53. Kd1 gxh4 54. gxh4 Kf4 0-1

[Event "Hereford"]
[Site "?"]
[Date "1990.??.??"]
[Round "5"]
[White "Saunders, W."]
[Black "Brameld, Arthur F"]
[Result "1/2-1/2"]
[WhiteElo "2125"]
[BlackElo "2175"]
[PlyCount "113"]
[EventDate "1990.??.??"]
[EventType "game"]

1. d4 f5 2. g3 Nf6 3. Bg2 d6 4. Nc3 c6 5. Nf3 Qc7 6. O-O e5 7. dxe5 dxe5 8. e4 Bb4 9. exf5 Bxf5 10. Nxe5 Bxc3 11. bxc3 Qxe5 12. Re1 Ne4 13. Bxe4 Bxe4 14. Qg4 O-O 15. Qxe4 Qxc3 16. Be3 Qf6 17. Bd4 Qf7 18. Rab1 Na6 19. Qe6 Kh8 20. Qxf7 Rxf7 21. Bxa7 h6 22. Bd4 c5 23. Bc3 Nb4 24. Bxb4 cxb4 25. Rb2 Rc7 26. Re4 Ra4 27. Kf1 Kh7 28. Re6 b5 29. Ke1 Rc5 30. h4 Rf5 31. Rc6 Ra3 32. Rxb4 Raf3 33. g4 Rf8 34. Rxb5 Rxf2 35. g5 hxg5 36. hxg5 Rg2 37. g6+ Kh6 38. a4 Rff2 39. a5 Rh2 40. a6 Rfg2 41. Rf5 Rd2 42. Re5 Rd4 43. Re2 Rh1+ 44. Kf2 Ra1 45. Ke3 Rh4 46. Rg2 Ra3+ 47. Kd2 Rd4+ 48. Kc1 Rd8 49. Kb2 Ra5 50. Rb6 Ra8 51. c4 R8xa6 52. Rxa6 Rxa6 53. Kc3 Rxg6 54. Rxg6+ Kxg6 55. Kd4 Kf6 56. Kd5 Ke7 57. Ke5 1/2-1/2

[Event "Training"]
[Site "?"]
[Date "1980.??.??"]
[Round "?"]
[White "Brameld, Arthur F"]
[Black "Carter, Anthony FC"]
[Result "0-1"]
[WhiteElo "2175"]
[BlackElo "2015"]
[PlyCount "108"]
[EventDate "1980.??.??"]
[EventType "game"]

1. e4 e5 2. f4 exf4 3. Nf3 d6 4. Bc4 h6 5. h4 Nf6 6. d3 Nh5 7. Ne5 dxe5 8. Qxh5 Qf6 9. Nc3 c6 10. Bd2 g6 11. Qf3 h5 12. Ne2 Bg4 13. Qf2 Nd7 14. d4 exd4 15. Nxf4 Bc5 16. Nd3 Qxf2+ 17. Kxf2 Bb6 18. Bg5 f6 19. Bf4 O-O-O 20. Rhe1 Bc7 21. e5 fxe5 22. Bxe5 Rhf8+ 23. Kg1 Nxe5 24. Nxe5 Bf5 25. Bb3 Rde8 26. Nf7 Bg3 27. Rf1 Kc7 28. Rf3 Bxh4 29. Raf1 Be6 30. Bxe6 Rxe6 31. Rf4 Be7 32. b4 Re2 33. Rxd4 Rxc2 34. Re4 Bd6 35. Rf3 Rc1+ 36. Kf2 Ra1 37. a3 a5 38. Re6 Bh2 39. Re7+ Kb8 40. bxa5 Rb1 41. Ke2 Rb2+ 42. Kd1 Bc7 43. Rd3 Rb5 44. Kc2 Rc5+ 45. Kb2 Rd5 46. Rde3 Rxa5 47. R3e6 Rf5 48. Nd6 Rf2+ 49. Kb3 Rxg2 50. Nc4 Rf3+ 51. Kb4 Rg4 52. Rd7 b5 53. Rxc6 Rxc4+ 54. Kxb5 Rxc6 0-1

[Event "Ports Lge"]
[Site "?"]
[Date "1980.??.??"]
[Round "?"]
[White "Street, Martin"]
[Black "Brameld, Arthur F"]
[Result "1/2-1/2"]
[WhiteElo "1935"]
[BlackElo "2175"]
[PlyCount "64"]
[EventDate "1980.??.??"]
[EventType "swiss"]

1. d4 f5 2. c4 g6 3. g3 Bg7 4. Bg2 Nf6 5. Nf3 O-O 6. O-O d6 7. Nc3 c6 8. Re1 Qc7 9. d5 e5 10. dxe6 Bxe6 11. Bf4 Qb6 12. Na4 Qa6 13. Qxd6 Bxc4 14. Nc5 Qb6 15. Na4 Qa5 16. Qd1 Ne4 17. Qc2 b5 18. Ne5 Bd5 19. Nc5 g5 20. Nxc6 Nxc6 21. Bxg5 Nb4 22. Qd1 Nxg5 23. Bxd5+ Nxd5 24. Qxd5+ Kh8 25. h4 Ne4 26. Ne6 Qb6 27. e3 Nf6 28. Qxf5 Rf7 29. Nxg7 Rxg7 30. Rac1 Rag8 31. Rc8 Rxc8 32. Qxc8+ Ng8 1/2-1/2

[Event "Simul"]
[Site "?"]
[Date "1980.??.??"]
[Round "?"]
[White "Wood, Baruch H"]
[Black "Brameld, Arthur F"]
[Result "0-1"]
[WhiteElo "2180"]
[BlackElo "2175"]
[PlyCount "48"]
[EventDate "1980.??.??"]
[EventType "simul"]
[EventRounds "2"]

1. d4 f5 2. c4 g6 3. Nc3 Bg7 4. Nf3 Nf6 5. Bf4 O-O 6. e3 d6 7. Qb3 c6 8. O-O-O h6 9. Be2 Kh7 10. h4 Qb6 11. Qc2 a5 12. Bd3 Na6 13. a3 Bd7 14. h5 Nxh5 15. g4 Nxf4 16. exf4 e6 17. g5 h5 18. Ne2 c5 19. d5 Ba4 20. Qd2 Bxd1 21. Rxd1 exd5 22. cxd5 c4 23. Bxc4 Rac8 24. b3 Qxb3 0-1

[Event "Ports Lge"]
[Site "?"]
[Date "1980.??.??"]
[Round "?"]
[White "Brameld, Arthur F"]
[Black "McDougall, William M"]
[Result "1/2-1/2"]
[WhiteElo "2175"]
[BlackElo "2000"]
[PlyCount "81"]
[EventDate "1980.??.??"]
[EventType "swiss"]

1. e4 c5 2. Nf3 e6 3. Nc3 Nc6 4. d4 cxd4 5. Nxd4 Nf6 6. Be3 a6 7. Be2 Be7 8. O-O O-O 9. f4 d6 10. Qe1 Nxd4 11. Bxd4 b5 12. Bd3 Bb7 13. Rd1 Rc8 14. a3 g6 15. Kh1 Qc7 16. Qg3 Nh5 17. Qh3 Nxf4 18. Rxf4 e5 19. Rf2 exd4 20. Ne2 Qc5 21. Rdf1 Rc7 22. Nf4 Qe5 23. Qg3 Qg5 24. Qxg5 Bxg5 25. Nd5 Bxd5 26. exd5 Rc5 27. a4 Rxd5 28. axb5 axb5 29. Ra1 Re5 30. g3 Rb8 31. Ra7 f5 32. Kg2 Re7 33. Ra6 Kg7 34. Rxd6 Be3 35. Re2 b4 36. Rxd4 Bxd4 37. Rxe7+ Kf6 38. Rxh7 Bxb2 39. Rc7 b3 40. Rc6+ Kg7 41. g4 1/2-1/2

[Event "NatClub"]
[Site "?"]
[Date "1980.??.??"]
[Round "?"]
[White "Brameld, Arthur F"]
[Black "Williams, D."]
[Result "1/2-1/2"]
[WhiteElo "2175"]
[BlackElo "2175"]
[PlyCount "57"]
[EventDate "1980.??.??"]
[EventType "game"]

1. e4 e6 2. d4 d5 3. Nc3 Bb4 4. Nge2 dxe4 5. a3 Be7 6. Nxe4 Nf6 7. N2c3 Nc6 8. Be3 b6 9. Bc4 Nd5 10. Nxd5 exd5 11. Bb5 Qd7 12. Nc3 a6 13. Bd3 Nd8 14. Qf3 Bb7 15. O-O Ne6 16. Rfe1 Bd6 17. Rad1 O-O-O 18. Qe2 a5 19. Ba6 c6 20. Na4 Qc7 21. Bxb7+ Kxb7 22. b4 axb4 23. axb4 Ra8 24. Ra1 b5 25. Nc5+ Bxc5 26. bxc5 Rxa1 27. Rxa1 Ra8 28. Qe1 Qb8 29. c3 1/2-1/2

[Event "CoshCh"]
[Site "?"]
[Date "1980.??.??"]
[Round "?"]
[White "Brameld, Arthur F"]
[Black "Dean, Stuart"]
[Result "1-0"]
[WhiteElo "2175"]
[BlackElo "1880"]
[PlyCount "91"]
[EventDate "1980.??.??"]
[EventType "simul"]
[EventRounds "6"]

1. e4 c5 2. Nf3 d6 3. d4 cxd4 4. Qxd4 Nc6 5. Bb5 Bd7 6. Bxc6 Bxc6 7. Nc3 e5 8. Qd3 Nf6 9. Bg5 Be7 10. O-O-O a6 11. Kb1 h6 12. Bxf6 Bxf6 13. Qxd6 Qxd6 14. Rxd6 Be7 15. Rd3 f6 16. Nh4 Bc5 17. f3 O-O 18. Nf5 Kh7 19. Rhd1 g6 20. Ne3 Bd4 21. Ncd5 f5 22. exf5 gxf5 23. Nc7 Rac8 24. Ne6 Bb5 25. Nxf8+ Rxf8 26. c4 Bc6 27. Rxd4 exd4 28. Rxd4 Rg8 29. Kc2 Rg6 30. Kc3 h5 31. Rf4 Bd7 32. g3 Rg5 33. Kd4 Kg6 34. Ke5 Kf7 35. Nxf5 Kg6 36. g4 hxg4 37. fxg4 Bxf5 38. gxf5+ Kf7 39. c5 Rg2 40. Rb4 Re2+ 41. Kd6 Rxh2 42. Rxb7+ Kf6 43. c6 Rd2+ 44. Kc7 Rc2 45. Kd7 Kxf5 46. c7 1-0

[Event "SRCSSC"]
[Site "?"]
[Date "1980.??.??"]
[Round "?"]
[White "Brameld, Arthur F"]
[Black "Hoskins, J."]
[Result "1/2-1/2"]
[WhiteElo "2175"]
[BlackElo "1750"]
[PlyCount "96"]
[EventDate "1980.??.??"]
[EventType "game"]

1. e4 e5 2. Nf3 Nf6 3. Nc3 Nc6 4. d4 exd4 5. Nd5 h6 6. Bc4 d6 7. O-O Be7 8. Nxd4 Nxd4 9. Qxd4 O-O 10. Nxe7+ Qxe7 11. Re1 Qe5 12. Qxe5 dxe5 13. f4 Re8 14. f5 b6 15. Bd2 Bb7 16. Bd3 Rad8 17. Bc3 c5 18. b3 Bc6 19. a4 a5 20. Rad1 Kf8 21. Rd2 Nh7 22. h4 Nf6 23. Rde2 Nh5 24. Bd2 Nf6 25. Bc1 Rd4 26. Bb2 Rdd8 27. Kf2 Ng4+ 28. Kf3 h5 29. Bc1 f6 30. Kg3 Ke7 31. Bc4 Rh8 32. Rd2 Rxd2 33. Bxd2 Nh6 34. Bxh6 Rxh6 35. Re3 Rh8 36. Kh3 Rd8 37. Bd3 Be8 38. g4 Bf7 39. g5 fxg5 40. hxg5 g6 41. f6+ Kf8 42. Bb5 Rd1 43. Rd3 Be6+ 44. Kg3 Rxd3+ 45. Bxd3 Kf7 46. Bb5 Kf8 47. Bc6 Bf7 48. Bd5 Ke8 1/2-1/2

[Event "CoshCh"]
[Site "?"]
[Date "1980.??.??"]
[Round "?"]
[White "Brameld, Arthur F"]
[Black "Abercrombie, Forbes"]
[Result "1-0"]
[WhiteElo "2175"]
[BlackElo "1695"]
[PlyCount "65"]
[EventDate "1980.??.??"]
[EventType "simul"]
[EventRounds "6"]

1. e4 c6 2. Nc3 d6 3. d4 Nf6 4. f4 Qa5 5. Bd3 Bg4 6. Nf3 Nbd7 7. e5 Nd5 8. Bd2 Nxc3 9. bxc3 Qc7 10. h3 Bxf3 11. Qxf3 e6 12. O-O g6 13. Rae1 O-O-O 14. Rb1 f5 15. exf6 Nxf6 16. Rfe1 Re8 17. Rb3 Bg7 18. Reb1 b6 19. a4 Nd5 20. a5 Kd7 21. axb6 axb6 22. Kh1 Rb8 23. c4 Ne7 24. Bc3 Rhf8 25. d5 Bxc3 26. dxe6+ Kxe6 27. Rxc3 Kd7 28. Qg4+ Kd8 29. Re1 d5 30. cxd5 Nxd5 31. Qg5+ Nf6 32. Re6 Qg7 33. Rcxc6 1-0

[Event "Ports Lge"]
[Site "?"]
[Date "1980.??.??"]
[Round "?"]
[White "Brameld, Arthur F"]
[Black "Jones, John H"]
[Result "1-0"]
[WhiteElo "2175"]
[BlackElo "2085"]
[PlyCount "61"]
[EventDate "1980.??.??"]
[EventType "swiss"]

1. e4 e5 2. f4 exf4 3. Nf3 d6 4. d4 g5 5. h4 g4 6. Ng1 f3 7. gxf3 Be7 8. Be3 Bxh4+ 9. Kd2 Bg5 10. f4 Be7 11. Nc3 h5 12. Kc1 f5 13. Bd3 Nf6 14. exf5 d5 15. Nge2 Kf7 16. Bf2 Nc6 17. a3 a6 18. Bh4 Qd6 19. Qf1 Bd7 20. Kd2 b5 21. b4 Rae8 22. Qf2 Ne4+ 23. Bxe4 Bxh4 24. Qxh4 dxe4 25. d5 Nd4 26. Nxd4 Qxf4+ 27. Kd1 e3 28. Nce2 Qe5 29. Kc1 Bc8 30. Qg3 Qxg3 31. Nxg3 1-0

[Event "Hants Lge"]
[Site "?"]
[Date "1980.??.??"]
[Round "?"]
[White "Brameld, Arthur F"]
[Black "Wells, Peter K"]
[Result "0-1"]
[WhiteElo "2175"]
[BlackElo "2205"]
[PlyCount "84"]
[EventDate "1980.??.??"]
[EventType "game"]

1. e4 c6 2. Nc3 d5 3. Qf3 dxe4 4. Nxe4 Nd7 5. Bc4 Ne5 6. Qe2 Nxc4 7. Qxc4 Nf6 8. Ng5 Qd5 9. Qxd5 cxd5 10. Ne2 Bf5 11. d3 e5 12. Ng3 Bd7 13. O-O Bd6 14. Re1 O-O 15. Nf3 Rfe8 16. Bg5 Rac8 17. c3 e4 18. Bxf6 exf3 19. Bd4 fxg2 20. Kxg2 a6 21. Nh5 Bf8 22. Kf3 Bf5 23. Rg1 Bg6 24. Nf4 Bd6 25. Nxg6 fxg6 26. Rg5 Rf8+ 27. Kg2 Rf5 28. Rxf5 gxf5 29. Re1 Kf7 30. h4 Rc6 31. Kf3 Bb8 32. Be5 Re6 33. Kf4 Rxe5 34. Rxe5 Kf6 35. d4 g6 36. Ke3 Bxe5 37. dxe5+ Kxe5 38. f4+ Ke6 39. a4 b6 40. b4 h6 41. Kd4 Kd6 42. Kd3 Ke6 0-1

[Event "Ports Lge"]
[Site "?"]
[Date "1980.??.??"]
[Round "?"]
[White "Wells, Peter K"]
[Black "Brameld, Arthur F"]
[Result "1/2-1/2"]
[WhiteElo "2205"]
[BlackElo "2175"]
[PlyCount "60"]
[EventDate "1980.??.??"]
[EventType "swiss"]

1. d4 f5 2. g3 g6 3. Bg2 Bg7 4. Nf3 Nf6 5. O-O O-O 6. b3 d6 7. Bb2 Ne4 8. Nbd2 c5 9. c3 Nc6 10. Rc1 Nxd2 11. Qxd2 e5 12. e3 e4 13. Ne1 Qe7 14. Nc2 Bd7 15. Rfd1 Rad8 16. f4 exf3 17. Bxf3 Bh6 18. Re1 Rde8 19. Rcd1 Be6 20. Bg2 Bf7 21. Qd3 Qg5 22. c4 Bg7 23. Ba3 Qe7 24. dxc5 dxc5 25. Qd6 Bc3 26. Qxe7 Nxe7 27. Re2 b6 28. Rd7 Nc8 29. e4 Be6 30. Rd3 Bg7 1/2-1/2

[Event "Ports Lge"]
[Site "?"]
[Date "1981.??.??"]
[Round "?"]
[White "Welch, Ian"]
[Black "Brameld, Arthur F"]
[Result "1/2-1/2"]
[WhiteElo "2060"]
[BlackElo "2175"]
[PlyCount "60"]
[EventDate "1981.??.??"]
[EventType "swiss"]

1. e4 e6 2. d4 d5 3. Nd2 Be7 4. Bd3 c5 5. dxc5 Bxc5 6. exd5 exd5 7. Ngf3 Qe7+ 8. Be2 Nf6 9. O-O O-O 10. Nb3 Bb6 11. Bg5 Nc6 12. Bh4 Bg4 13. Re1 Rfe8 14. c3 Rad8 15. h3 Bh5 16. Nfd4 Bxe2 17. Rxe2 Qd6 18. Bg3 Qd7 19. Qd3 Rxe2 20. Qxe2 Re8 21. Qd3 Ne4 22. Rd1 Nxg3 23. Qxg3 Bc7 24. Qg4 Qd6 25. Nf3 Ne5 26. Nxe5 Qxe5 27. g3 Bb6 28. Nd4 h5 29. Qf3 g6 30. Qg2 Qe4 1/2-1/2

[Event "HLge"]
[Site "?"]
[Date "1981.??.??"]
[Round "?"]
[White "Brameld, Arthur F"]
[Black "Bell, David W"]
[Result "0-1"]
[WhiteElo "2175"]
[BlackElo "2085"]
[PlyCount "68"]
[EventDate "1981.??.??"]
[EventType "tourn"]
[EventRounds "2"]

1. e4 e6 2. d4 d5 3. Nc3 Bb4 4. Nge2 dxe4 5. a3 Bxc3+ 6. Nxc3 e5 7. d5 Nf6 8. Bg5 Bf5 9. Bb5+ Nbd7 10. O-O a6 11. Ba4 O-O 12. Bxd7 Qxd7 13. f3 e3 14. Bxe3 h6 15. Qd2 Rad8 16. Rad1 Rfe8 17. Rf2 Qd6 18. g4 Bh7 19. g5 hxg5 20. Bxg5 Rd7 21. Rg2 c6 22. Qf2 Bg6 23. Rd2 cxd5 24. Bxf6 Qxf6 25. Nxd5 Qe6 26. c4 b5 27. Qh4 bxc4 28. Qxc4 Red8 29. Ne7+ Qxe7 30. Rxd7 Qxd7 31. Rxg6 Qd1+ 32. Kg2 Rd2+ 33. Kh3 Qxf3+ 34. Rg3 Qh5+ 0-1

[Event "CoshCh"]
[Site "?"]
[Date "1981.??.??"]
[Round "?"]
[White "Brameld, Arthur F"]
[Black "Coppin, Brian"]
[Result "1-0"]
[WhiteElo "2175"]
[BlackElo "2825"]
[PlyCount "51"]
[EventDate "1981.??.??"]
[EventType "swiss"]

1. e4 c5 2. Nf3 d6 3. d4 cxd4 4. Qxd4 Nc6 5. Bb5 Bd7 6. Bxc6 Bxc6 7. Nc3 Nf6 8. Bg5 e5 9. Qd3 Be7 10. O-O-O Ng4 11. Bxe7 Qxe7 12. Rd2 Rd8 13. Rhd1 O-O 14. h3 Nf6 15. Qe3 b5 16. Nh4 Ne8 17. Nf5 Qe6 18. Qg5 f6 19. Qg4 Kh8 20. Rxd6 Rxd6 21. Rxd6 Qc4 22. Rd8 Qf7 23. Nd5 Bd7 24. Nd6 Nxd6 25. Rxd7 Qe8 26. Qxg7# 1-0

[Event "CoshCh"]
[Site "?"]
[Date "1981.??.??"]
[Round "?"]
[White "Brameld, Arthur F"]
[Black "Crossin, Austin D"]
[Result "1/2-1/2"]
[WhiteElo "2175"]
[BlackElo "1830"]
[PlyCount "109"]
[EventDate "1981.??.??"]
[EventType "swiss"]

1. e4 e6 2. d4 d5 3. Nc3 Nf6 4. e5 Nfd7 5. Qh5 c5 6. Nf3 cxd4 7. Bg5 Qb6 8. Nb5 Bb4+ 9. c3 dxc3 10. bxc3 Bc5 11. Nfd4 g6 12. Qg4 a6 13. Nxe6 axb5 14. Ng7+ Kf8 15. Bh6 Ra4 16. f4 Nc6 17. e6 Nf6 18. Qg5 Bf2+ 19. Kd1 Ne4 20. Nh5+ Kg8 21. Qf6 Nxc3+ 22. Qxc3 Qd4+ 23. Qxd4 Bxd4 24. Bxb5 Bxa1 25. Bxa4 gxh5 26. Bxc6 bxc6 27. e7 Bd7 28. Re1 f5 29. e8=Q+ Bxe8 30. Rxe8+ Kf7 31. Re2 Bf6 32. Bg5 Ra8 33. Bxf6 Kxf6 34. Rc2 Ra6 35. Rc3 h6 36. a3 Kg6 37. Rg3+ Kf7 38. Rh3 c5 39. Rxh5 Kg6 40. Rh3 c4 41. Rc3 Ra4 42. Re3 d4 43. Re6+ Kg7 44. Rc6 c3 45. Rd6 Kf7 46. Kc2 Ke7 47. Rd5 Ke6 48. Rd8 Ke7 49. Rd5 Rc4 50. g3 Ke6 51. Rd8 Kf7 52. Rd5 Kg6 53. Rd6+ Kg7 54. Rd7+ Kf6 55. Rd6+ 1/2-1/2

[Event "IntService"]
[Site "?"]
[Date "1981.??.??"]
[Round "?"]
[White "Sage, Geoff"]
[Black "Brameld, Arthur F"]
[Result "0-1"]
[WhiteElo "2040"]
[BlackElo "2175"]
[PlyCount "76"]
[EventDate "1981.??.??"]
[EventType "tourn"]
[EventRounds "2"]

1. e4 Nf6 2. e5 Nd5 3. d4 d6 4. Bc4 Nb6 5. Bb3 dxe5 6. Qh5 e6 7. dxe5 c5 8. Na3 Nc6 9. Be3 g6 10. Qe2 Nxe5 11. Rd1 Qc7 12. Nb5 Qb8 13. Bg5 Nbd7 14. f4 a6 15. Nc3 c4 16. Bxc4 Nxc4 17. Qxc4 Bg7 18. Nf3 O-O 19. O-O b5 20. Qe2 h6 21. Be7 Re8 22. Bd6 Qb6+ 23. Kh1 Bb7 24. Ne5 Nf6 25. Rd3 Rad8 26. Rfd1 Nd5 27. Nxd5 exd5 28. Bb4 f6 29. Nd7 Qc6 30. Nxf6+ Qxf6 31. Re3 Rxe3 32. Qxe3 d4 33. Qg3 Re8 34. h3 Re3 35. Qf2 Rxh3+ 36. Kg1 Rh4 37. Rf1 Rg4 38. g3 Qh4 0-1

[Event "CoshCh"]
[Site "?"]
[Date "1981.??.??"]
[Round "?"]
[White "Sales, M."]
[Black "Brameld, Arthur F"]
[Result "0-1"]
[WhiteElo "2785"]
[BlackElo "2175"]
[PlyCount "63"]
[EventDate "1981.??.??"]
[EventType "swiss"]

1. c4 e5 2. d3 Nc6 3. g3 g6 4. Bg2 Bg7 5. Nc3 d6 6. Nf3 h6 7. O-O Be6 8. a3 Qd7 9. Rb1 f5 10. b4 e4 11. Nh4 Bxc3 12. Nxg6 Rh7 13. Qc2 Nd4 14. Qd1 O-O-O 15. e3 Nf3+ 16. Bxf3 exf3 17. Qxf3 Ne7 18. Nf4 Be5 19. Bb2 Bxf4 20. Qxf4 Ng6 21. Qd4 Kb8 22. b5 h5 23. h4 f4 24. exf4 Bh3 25. Rfe1 Qg4 26. Qf6 Re7 27. Kh2 Rde8 28. Rxe7 Rxe7 29. Bc3 b6 30. Re1 Rxe1 31. Bxe1 Bf1 32. Kg1 0-1

[Event "Ports Lge"]
[Site "?"]
[Date "1981.??.??"]
[Round "?"]
[White "Brameld, Arthur F"]
[Black "Welch, Ian"]
[Result "1-0"]
[WhiteElo "2175"]
[BlackElo "2060"]
[PlyCount "60"]
[EventDate "1981.??.??"]
[EventType "swiss"]

1. e4 c5 2. Nf3 d6 3. d4 cxd4 4. Qxd4 Nc6 5. Bb5 Bd7 6. Bxc6 Bxc6 7. Nc3 Nf6 8. Bg5 e6 9. O-O-O Be7 10. Rhe1 O-O 11. e5 dxe5 12. Qh4 Qa5 13. Nxe5 Rfe8 14. Rd3 Nd5 15. Bxe7 Nxe7 16. Rh3 h6 17. Qh5 Rf8 18. g4 f6 19. Nxc6 Nxc6 20. Qxa5 Nxa5 21. Rxe6 Nc6 22. Nd5 Ne5 23. Re7 Rf7 24. Rxf7 Kxf7 25. Rc3 Rd8 26. Rc7+ Kf8 27. Ne3 g6 28. Rxb7 Nf3 29. Rxa7 Rd2 30. Nd1 Re2 1-0

[Event "CoshCh"]
[Site "?"]
[Date "1981.??.??"]
[Round "?"]
[White "Smith, D Snr"]
[Black "Brameld, Arthur F"]
[Result "1/2-1/2"]
[WhiteElo "1895"]
[BlackElo "2175"]
[PlyCount "94"]
[EventDate "1981.??.??"]
[EventType "swiss"]

1. e4 Nf6 2. e5 Nd5 3. d4 d6 4. Nf3 g6 5. Bc4 Nb6 6. Bb3 Bg7 7. exd6 cxd6 8. O-O O-O 9. Bf4 Nc6 10. c3 Bg4 11. h3 Bf5 12. Re1 Qd7 13. Nbd2 Na5 14. Bc2 Bxc2 15. Qxc2 Rac8 16. Qe4 Rfe8 17. Rad1 Qb5 18. Ng5 e5 19. dxe5 dxe5 20. Bh2 f6 21. b4 Nc6 22. Ngf3 f5 23. Qh4 e4 24. Ng5 h6 25. Ngxe4 fxe4 26. Nxe4 g5 27. Qh5 Rxe4 28. Rxe4 Rf8 29. Bd6 Rf6 30. Qe8+ Kh7 31. Bc5 Qa4 32. Rd2 Qa3 33. Ree2 Qc1+ 34. Kh2 Qxc3 35. Qe4+ Rg6 36. Rd3 Qe5+ 37. g3 Qxe4 38. Rxe4 Ne5 39. Rd8 Nbd7 40. a4 b6 41. Be3 Re6 42. Rxd7 Nf3+ 43. Kg2 Ne1+ 44. Kf1 Rxe4 45. Kxe1 a5 46. bxa5 bxa5 47. Ra7 Rxa4 1/2-1/2

[Event "HLge"]
[Site "?"]
[Date "1981.??.??"]
[Round "?"]
[White "Brameld, Arthur F"]
[Black "Simpson, J."]
[Result "1-0"]
[WhiteElo "2175"]
[BlackElo "2205"]
[PlyCount "84"]
[EventDate "1981.??.??"]
[EventType "tourn"]
[EventRounds "2"]

1. e4 c5 2. Nf3 e6 3. Nc3 a6 4. d4 cxd4 5. Nxd4 Nc6 6. Be3 Nf6 7. Be2 d6 8. O-O Be7 9. f4 Qc7 10. a4 Bd7 11. Nb3 b6 12. Bf3 Rb8 13. Qe2 Nb4 14. Nd4 O-O 15. Rf2 Rfe8 16. Kh1 Bf8 17. Rd1 e5 18. Nb3 Rbc8 19. f5 d5 20. Nxd5 Nbxd5 21. exd5 e4 22. Bg4 Bxa4 23. Bh3 Qxc2 24. Qxc2 Rxc2 25. Rxc2 Bxb3 26. Rcc1 Bxd1 27. Rxd1 b5 28. Bg5 Nd7 29. f6 Nxf6 30. Bxf6 gxf6 31. d6 Rd8 32. d7 e3 33. Kg1 Bb4 34. Kf1 Bd2 35. Ke2 Kf8 36. Rf1 Ke7 37. Rf4 Bc1 38. b3 Bd2 39. Re4+ Kd6 40. Rf4 Ke7 41. Re4+ Kd6 42. Rf4 Ke7 1-0

[Event "CoshCh"]
[Site "?"]
[Date "1981.??.??"]
[Round "?"]
[White "Pink, Chris"]
[Black "Brameld, Arthur F"]
[Result "0-1"]
[WhiteElo "2835"]
[BlackElo "2175"]
[PlyCount "66"]
[EventDate "1981.??.??"]
[EventType "swiss"]

1. e4 Nf6 2. Nc3 d5 3. f3 d4 4. Nce2 e5 5. Ng3 Nc6 6. Bc4 Na5 7. d3 Nxc4 8. dxc4 Be6 9. b3 Qd7 10. N1e2 O-O-O 11. O-O h5 12. Nh1 Bd6 13. Nf2 Rdg8 14. Nd3 c6 15. Bg5 Nh7 16. Bd2 g5 17. Ng3 Nf6 18. c5 Bc7 19. Qc1 h4 20. Ne2 g4 21. f4 Nxe4 22. Nxe5 Bxe5 23. fxe5 g3 24. h3 Bxh3 25. Nf4 Bf5 26. Qe1 h3 27. gxh3 Nf2 28. Rxf2 gxf2+ 29. Kxf2 Bxh3 30. Ke2 Qg4+ 31. Kd3 Qf3+ 32. Kxd4 Rg4 33. Qe4 Rd8+ 0-1

[Event "Ports Lge"]
[Site "?"]
[Date "1981.??.??"]
[Round "?"]
[White "Brameld, Arthur F"]
[Black "Street, Martin"]
[Result "1-0"]
[WhiteElo "2175"]
[BlackElo "1935"]
[PlyCount "137"]
[EventDate "1981.??.??"]
[EventType "swiss"]

1. e4 e6 2. d4 d5 3. Nc3 Bb4 4. Bd2 dxe4 5. Qg4 Qxd4 6. Nf3 h5 7. Qf4 e5 8. Nxd4 exf4 9. O-O-O Bxc3 10. Bxc3 Nf6 11. Nb5 Na6 12. Re1 Ke7 13. Bxf6+ Kxf6 14. Rxe4 g5 15. h4 Bf5 16. hxg5+ Kxg5 17. Rc4 c6 18. Nd4 Rad8 19. Nf3+ Kg6 20. Rxf4 Be6 21. Bd3+ Kg7 22. Nd4 Nc5 23. Nxe6+ Nxe6 24. Rf3 Rd4 25. Rf5 Rd5 26. Rxd5 cxd5 27. g3 Nc5 28. Kd2 Kf6 29. b4 Ne4+ 30. Bxe4 dxe4 31. Ke3 Rc8 32. Rxh5 Rxc2 33. Ra5 a6 34. g4 Ke6 35. a3 f6 36. b5 axb5 37. Rxb5 Rc3+ 38. Kxe4 Rxa3 39. Rxb7 Ra4+ 40. Kf3 Ra3+ 41. Kf4 Ra4+ 42. Kg3 Ra3+ 43. f3 Rc3 44. Rb6+ Kf7 45. Kf4 Rc4+ 46. Ke3 Rc3+ 47. Ke4 Rc4+ 48. Kd3 Ra4 49. Rc6 Kg6 50. Rd6 Rb4 51. Re6 Ra4 52. Ke3 Rb4 53. f4 Rb3+ 54. Kf2 Kf7 55. Re3 Rb4 56. Kg3 Kg6 57. Re7 Rb1 58. f5+ Kh6 59. Rf7 Rg1+ 60. Kf3 Rf1+ 61. Kg2 Ra1 62. Rxf6+ Kg5 63. Rg6+ Kf4 64. Rg7 Ra2+ 65. Kh3 Ra1 66. f6 Rh1+ 67. Kg2 Rh6 68. g5 Rh8 69. f7 1-0

[Event "HLge"]
[Site "?"]
[Date "1981.??.??"]
[Round "?"]
[White "Bell, David W"]
[Black "Brameld, Arthur F"]
[Result "0-1"]
[WhiteElo "2085"]
[BlackElo "2175"]
[PlyCount "62"]
[EventDate "1981.??.??"]
[EventType "tourn"]
[EventRounds "2"]

1. Nf3 f5 2. g3 g6 3. c4 Bg7 4. Nc3 Nf6 5. Bg2 O-O 6. O-O d6 7. Qc2 e5 8. d3 Nc6 9. a3 h6 10. b4 g5 11. b5 Ne7 12. Bb2 Qe8 13. Rab1 Qh5 14. Nd5 Nexd5 15. cxd5 Rf7 16. Rfe1 f4 17. Nd2 Ng4 18. Nf1 fxg3 19. hxg3 Nxf2 20. Bf3 Nh3+ 21. Kh2 g4 22. Bg2 Rf2 23. Ne3 Bd7 24. Rf1 Nf4+ 25. Kg1 Rxe2 26. Qxc7 Rxe3 27. Rxf4 exf4 28. Bxg7 fxg3 29. Qxd7 Qh2+ 30. Kf1 Rf3+ 31. Bxf3 Qf2# 0-1

[Event "IntService"]
[Site "?"]
[Date "1981.??.??"]
[Round "?"]
[White "Brameld, Arthur F"]
[Black "Cook, M."]
[Result "1-0"]
[WhiteElo "2175"]
[BlackElo "1960"]
[PlyCount "53"]
[EventDate "1981.??.??"]
[EventType "tourn"]
[EventRounds "2"]

1. e4 e5 2. f4 Qh4+ 3. g3 Qe7 4. fxe5 d6 5. exd6 Qxe4+ 6. Qe2 Qxe2+ 7. Nxe2 Bxd6 8. Nbc3 Bf5 9. Bg2 c6 10. Nb5 cxb5 11. Bxb7 Na6 12. Bxa8 Nb4 13. Nd4 Bxc2 14. Bc6+ Nxc6 15. Nxc2 Nf6 16. d4 O-O 17. O-O Bc7 18. Kg2 Re8 19. Bf4 Bb6 20. Rad1 Ng4 21. Rfe1 Rd8 22. h3 Nf6 23. d5 Na5 24. b3 h6 25. Nb4 Rd7 26. Nc6 Nxd5 27. Rxd5 1-0

[Event "Ports Lge"]
[Site "?"]
[Date "1981.??.??"]
[Round "?"]
[White "Wheeler, John F"]
[Black "Brameld, Arthur F"]
[Result "1-0"]
[WhiteElo "2125"]
[BlackElo "2175"]
[PlyCount "117"]
[EventDate "1981.??.??"]
[EventType "swiss"]

1. Nf3 f5 2. g3 g6 3. Bg2 Bg7 4. O-O Nf6 5. c4 O-O 6. Nc3 d6 7. d3 e5 8. e4 Nc6 9. h3 f4 10. gxf4 exf4 11. d4 Nh5 12. Re1 Nxd4 13. Nxd4 Bxd4 14. Qxd4 Qh4 15. e5 Bxh3 16. Bd5+ Kg7 17. exd6+ Kh6 18. Bg2 Rf5 19. Ne4 Bxg2 20. Kxg2 cxd6 21. Rh1 Qg4+ 22. Ng3 Raf8 23. Bd2 Rg5 24. Kf1 Qf3 25. Rxh5+ Rxh5 26. Nxh5 Qh1+ 27. Ke2 Qxh5+ 28. Kd3 Qf3+ 29. Kc2 Rf5 30. Re1 b6 31. Re4 Kg5 32. Re1 h6 33. Qxd6 Kh5 34. Re6 Qg4 35. b4 Qg2 36. Bxf4 Qxf2+ 37. Bd2 Rg5 38. Re5 Rxe5 39. Qxe5+ g5 40. c5 bxc5 41. bxc5 Qf7 42. Kb2 Qb7+ 43. Ka3 Qa6+ 44. Kb2 Qb5+ 45. Ka1 Qf1+ 46. Be1 Qf3 47. Qc3 Qd1+ 48. Kb2 Qe2+ 49. Kc1 Qe4 50. c6 Qf4+ 51. Kb2 Qh2+ 52. Ka1 Qc7 53. Bg3 Qd8 54. c7 Qd1+ 55. Kb2 Qe2+ 56. Kc1 Qf1+ 57. Be1 Qf4+ 58. Kb2 Qh2+ 59. Bd2 1-0